LIBRARY & INFORMATION CENTRE, KCAET, TAVANUR

ONLINE PUBLIC ACCESS CATALOGUE (OPAC)

Parinitha / (Record no. 3590)

MARC details
000 -LEADER
fixed length control field 00461cam a2200181ua 4500
041 ## - LANGUAGE CODE
Language code of text/sound track or separate title hin
082 ## - DEWEY DECIMAL CLASSIFICATION NUMBER
Classification number 891.54
Item number SHA/PA
100 ## - MAIN ENTRY--AUTHOR NAME
Personal name Sarachandra, Chattopadyay .
245 ## - TITLE STATEMENT
Title Parinitha /
250 ## - EDITION STATEMENT
Edition statement 2 /
260 ## - PUBLICATION, DISTRIBUTION, ETC. (IMPRINT)
Place of publication Varanasi :
Name of publisher Hindi Prachar Pusthakalayam ,
Year of publication 1958.
300 ## - PHYSICAL DESCRIPTION
Number of Pages 88 ; .
942 ## - ADDED ENTRY ELEMENTS (KOHA)
Koha item type Books
Holdings
Withdrawn status Lost status Damaged status Home library Current library Date acquired Full call number Accession Number Koha item type
Withdrawn     KAUAET Sanskrit University 07/04/2012 891.54 2989 Books
free website counter